study of illegal wood energy flow on the national road N 4 (ការសិក្សាអំពីបញ្ហាធ្វើអាជិវកម្មអុស ធ្យូងដោយអំពើអនាធិបតេយ្យនៅតាមបណ្តោយផ្លូវជាតិលេខ៤) (Record no. 3158)

000 -LEADER
fixed length control field 00666nam a22001577a 4500
003 - CONTROL NUMBER IDENTIFIER
control field OSt
005 - DATE AND TIME OF LATEST TRANSACTION
control field 20151105105036.0
008 - FIXED-LENGTH DATA ELEMENTS--GENERAL INFORMATION
fixed length control field 151105b xxu||||| |||| 00| 0 eng d
040 ## - CATALOGING SOURCE
Transcribing agency RUA
082 ## - DEWEY DECIMAL CLASSIFICATION NUMBER
Classification number FOR SME 1997 B124 Or.1
100 ## - MAIN ENTRY--PERSONAL NAME
9 (RLIN) 3385
Personal name SMEAN, SARETH.
245 ## - TITLE STATEMENT
Title study of illegal wood energy flow on the national road N 4 (ការសិក្សាអំពីបញ្ហាធ្វើអាជិវកម្មអុស ធ្យូងដោយអំពើអនាធិបតេយ្យនៅតាមបណ្តោយផ្លូវជាតិលេខ៤)
260 ## - PUBLICATION, DISTRIBUTION, ETC. (IMPRINT)
Place of publication, distribution, etc. Phnom Penh
Name of publisher, distributor, etc. RUA
Date of publication, distribution, etc. 1997
300 ## - PHYSICAL DESCRIPTION
Extent 59p.
Other physical details ill.
Dimensions 29cm.
942 ## - ADDED ENTRY ELEMENTS (KOHA)
Source of classification or shelving scheme
Koha item type FOR
Holdings
Price effective from Date last seen Permanent Location Not for loan Date acquired Source of classification or shelving scheme Koha item type Barcode Lost status Damaged status Shelving location Withdrawn status Current Location Full call number
2015-11-052015-11-05Library Block B 2015-11-05 FORRUA010865  B124 Library Block BFOR SME 1997 B124 Or.1
2015-11-052015-11-05Library Block B 2015-11-05 FORRUA010791  B124 Library Block BFOR SME 1997 B124 Or.2
2015-11-052015-11-05Library Block B 2015-11-05 FORRUA010829  B124 Library Block BFOR SME 1997 B124 Or.3
មជ្ឈមណ្ឌលឯការនៃសាកលវិទ្យាល័យភូមិន្ទកសិកម្មចំការដូង

Powered by Koha